| 000 | 00665nam a2200217Ii 4500 | ||
|---|---|---|---|
| 003 | JO-AjNU | ||
| 008 | 230606s9999||||xx |||||||||||||| ||und|| | ||
| 020 | _a0-471-30581-2 | ||
| 040 |
_aJO-AjNU _beng _erda _cJO-AjNU |
||
| 041 | _aeng | ||
| 050 | 1 | 4 | _aHF5667.T295 1994 |
| 100 | 3 |
_aTaylor,Donald / Glezen,G.William, _eauthor _93153 |
|
| 245 | 0 | 0 | _aAuditing: Integrated Concepts and Procedures |
| 250 | _a6th ed | ||
| 264 | 3 | 1 | _aNew York : John Wiley andSons inc,1994 |
| 300 |
_a1023p _b Includes indexes(p1013-1023) |
||
| 336 |
_atext _btxt _2rdacontent |
||
| 337 |
_aunmediated _bn _2rdamedia |
||
| 338 |
_avolume _bnc _2rdacarrier |
||
| 650 | 4 |
_aAuditing _93154 |
|
| 999 |
_aE1652 _c1652 _d1652 |
||